书目信息 |
| 题名: |
大系统控制-方法和技术
|
|
| 作者: | 王翼 著 | |
| 分册: | ||
| 出版信息: | 天津 天津大学出版社 1993 |
|
| 页数: | 337页 | |
| 开本: | 20cm | |
| 丛书名: | ||
| 单 册: | ||
| 中图分类: | O23 | |
| 科图分类: | ||
| 主题词: | 控制论--数学理论 , 信息论--数学理论 | |
| 电子资源: | ||
| ISBN: | 7-5618-0526-8 | |
| 000 | 00551nam0 2200193 450 | |
| 001 | 0732828906 | |
| 005 | 20070903090708.90 | |
| 010 | @a7-5618-0526-8@d¥8.40 | |
| 100 | @a20070903d km y0chiy0120 ea | |
| 101 | 0 | @achi |
| 200 | 1 | @a大系统控制-方法和技术@Ada xi tong kong zhi-fang fa he ji shu@f王翼著@Fwang yi zhu |
| 210 | @a天津@c天津大学出版社@d1993 | |
| 215 | @a337页@d20cm | |
| 606 | 0 | @a控制论@x数学理论 |
| 606 | 0 | @a信息论@x数学理论 |
| 690 | @aO23@v3 | |
| 701 | 0 | @a王翼@Awang yi@4著 |
| 801 | 0 | @aCN@bPFT@c20070903 |
| 905 | @a213230@dO23@eS1@f1 | |
| 大系统控制-方法和技术/王翼著.-天津:天津大学出版社,1993 |
| 337页;20cm |
| ISBN 7-5618-0526-8:¥8.40 |
| ● |
| 相关链接 |
|
|
|
|
正题名:大系统控制-方法和技术
索取号:O23/S1
 
预约/预借
| 序号 | 登录号 | 条形码 | 馆藏地/架位号 | 状态 | 备注 |
| 1 | 6703596 | 267035969 | 数信系资料室/ [索取号:O23/S1] | 在馆 |